Morality and social justice / (Record no. 164777)

MARC details
000 -LEADER
fixed length control field 00575nam a22001937a 4500
005 - DATE AND TIME OF LATEST TRANSACTION
control field 20190527124423.0
010 ## - LCCN (DPL NO)
LC control number ENG-125318
020 ## - INTERNATIONAL STANDARD BOOK NUMBER
International Standard Book Number 9788186921531
Terms of availability 1000.00
035 ## - SYSTEM CONTROL NUMBER
System control number EN-108850
037 ## - SOURCE OF ACQUISITION
Source of stock number/acquisition DBAD/PUB
082 ## - DEWEY DECIMAL CLASSIFICATION NUMBER
Classification number 303.372
245 ## - TITLE STATEMENT
Title Morality and social justice /
Statement of responsibility, etc ed. by Abha Singh
260 ## - PUBLICATION, DISTRIBUTION, ETC. (IMPRINT)
Place of publication, distribution, etc New Delhi
Name of publisher, distributor, etc Decent Books
Date of publication, distribution, etc 2010
270 ## - ADDRESS
Address D-36/A-1, Mohan Garden Najafgarh Road
City New Delhi
Postal code 110059
Telephone number 011-25353435
300 ## - PHYSICAL DESCRIPTION
Extent 432p.
Dimensions 22cm(Hb)
500 ## - GENERAL NOTE
General note Includes index
700 ## - ADDED ENTRY--PERSONAL NAME
Personal name Singh, Abha
942 ## - ADDED ENTRY ELEMENTS (KOHA)
Source of classification or shelving scheme Dewey Decimal Classification
Item type English Books
Classification part 303.372
Call number suffix MOR
Holdings
Withdrawn status Lost status Not for loan Collection code Home library Current library Date acquired Source of acquisition Cost, normal purchase price Full call number Barcode Copy number Cost, replacement price Koha item type
    Not For Loan Non-fiction D.B.Act.Division Central Library 27/05/2019 DBAD/PUB 1000.00 303.372 MOR EN-108850 1 1000.00 English Books

© Delhi Public Library
Hit Counter
free hit counter